| Tag |
First Indicator |
Second Indicator |
Subfields |
| LEADER |
00000cgm a2200000Ka 4500 |
| 001 |
in00002423913 |
| 005 |
20210918063255.0 |
| 007 |
vd cvaizq |
| 008 |
081121s2009 cau115 g vleng d |
| 020 |
|
|
|a 1419879103
|
| 020 |
|
|
|a 9781419879104
|
| 024 |
1 |
0 |
|a 883929037506
|
| 028 |
4 |
2 |
|a 1000042642
|b Warner Home Video
|
| 035 |
|
|
|a (OCoLC)ocn276175138
|
| 035 |
|
|
|a (OCoLC)276175138
|
| 037 |
|
|
|b Midwest Tape
|n http://www.midwesttapes.com
|
| 040 |
|
|
|a TEFMT
|c TEFMT
|d BTCTA
|d TEF
|d JED
|d UtOrBLW
|
| 041 |
0 |
|
|d eng
|j spa
|g eng
|
| 043 |
|
|
|a e-uk-en
|
| 049 |
|
|
|a TXAM
|
| 050 |
1 |
4 |
|a PN1997.2
|b .R63 2009
|
| 082 |
0 |
4 |
|a 791.43/72
|2 22
|
| 245 |
0 |
0 |
|a RocknRolla /
|c Dark Castle Entertainment ; Toff Guy Films ; produced by Steve Clark-Hall, Susan Downey, Guy Ritchie, Joel Silver ; written by Guy Ritchie ; directed by Guy Ritchie.
|
| 264 |
|
1 |
|a Burbank, CA :
|b Warner Home Video,
|c [2009]
|
| 300 |
|
|
|a 1 videodisc (115 min.) :
|b sound, color ;
|c 4 3/4 in.
|
| 336 |
|
|
|a two-dimensional moving image
|b tdi
|2 rdacontent
|
| 337 |
|
|
|a video
|b v
|2 rdamedia
|
| 338 |
|
|
|a videodisc
|b vd
|2 rdacarrier
|
| 538 |
|
|
|a DVD; region 1; widescreen (2.35:1); Dolby Digital.
|
| 546 |
|
|
|a In English, French and Spanish with optional subtitles in English, French or Spanish; English subtitles for the deaf and hard of hearing.
|
| 511 |
1 |
|
|a Gerard Butler, Thandie Newton, Tom Wilkinson, Idris Elba, Jeremy Piven, Chris 'Ludacris' Bridges.
|
| 508 |
|
|
|a Director of photography, David Higgs ; editor, James Herbert ; music, Steve Isles.
|
| 521 |
8 |
|
|a MPAA rating: R; for pervasive language, violence, drug use and brief sexuality.
|
| 520 |
|
|
|a In London, a real-estate scam puts millions of pounds up for grabs. This attracts some of the city's scrappiest tough guys, along with its more established underworld types. All are looking to get rich quick. While the city's seasoned criminals vie for the cash, an unexpected player -- a drugged out rock 'n' roller presumed to be dead but is very much alive. He has the multi-million dollar prize fall, literally, into his hands.
|
| 500 |
|
|
|a Videorecording.
|
| 650 |
|
0 |
|a Real property
|v Drama.
|
| 650 |
|
0 |
|a Swindlers and swindling
|z England
|z London
|v Drama.
|
| 650 |
|
0 |
|a Criminal behavior
|z England
|z London
|v Drama.
|
| 650 |
|
0 |
|a Rock musicians
|z England
|z London
|v Drama.
|
| 650 |
|
7 |
|a Bienes raíces
|v Teatro.
|2 bidex
|
| 650 |
|
7 |
|a Estafa
|z Inglaterra
|z London
|v Teatro.
|2 bidex
|
| 655 |
|
7 |
|a Action and adventure films.
|2 lcgft
|
| 655 |
|
7 |
|a Comedy films.
|2 lcgft
|
| 655 |
|
7 |
|a Crime films.
|2 lcgft
|
| 655 |
|
7 |
|a Video recordings for the hearing impaired.
|2 lcgft
|
| 655 |
|
7 |
|a Feature films.
|2 lcgft
|
| 655 |
|
7 |
|a Fiction films.
|2 lcgft
|
| 655 |
|
7 |
|a Adventure
|v Feature.
|2 migfg
|
| 655 |
|
7 |
|a Comedy
|v Feature.
|2 migfg
|
| 655 |
|
7 |
|a Crime
|v Feature.
|2 migfg
|
| 655 |
|
7 |
|a Adventure films.
|2 gsafd
|
| 655 |
|
7 |
|a Comedy films.
|2 gsafd
|
| 700 |
1 |
|
|a Clark-Hall, Steve.
|
| 700 |
1 |
|
|a Downey, Susan,
|d 1974-
|
| 700 |
1 |
|
|a Ritchie, Guy.
|
| 700 |
1 |
|
|a Silver, Joel.
|
| 700 |
1 |
|
|a Butler, Gerard,
|d 1969-
|
| 700 |
1 |
|
|a Newton, Thandiwe,
|d 1972-
|
| 700 |
1 |
|
|a Wilkinson, Tom,
|d 1948-
|
| 700 |
1 |
|
|a Elba, Idris.
|
| 700 |
1 |
|
|a Piven, Jeremy.
|
| 700 |
0 |
|
|a Ludacris
|c (Rapper)
|
| 710 |
2 |
|
|a Dark Castle Entertainment (Firm)
|
| 710 |
2 |
|
|a Toff Guy Films.
|
| 710 |
2 |
|
|a Warner Home Video (Firm)
|
| 938 |
|
|
|a Baker and Taylor
|b BTCP
|n BEDDWA 1000042642
|
| 994 |
|
|
|a C0
|b TXA
|
| 948 |
|
|
|a cataloged
|b h
|c 2009/2/11
|d c
|e blrosas
|f 11:01:15 am
|
| 999 |
|
|
|a MARS
|
| 999 |
f |
f |
|s f70fb4aa-b002-3970-9154-96548d99a2a0
|i dcba5d6d-ba79-3c6f-aaad-824e56cecb4d
|t 0
|
| 952 |
f |
f |
|p dvd
|a Texas A&M University
|b College Station
|c Sterling C. Evans Library
|d Evans: Media and Reserves (Annex 1st floor)
|t 0
|e PN1997.2 .R63 2009
|h Library of Congress classification
|i video -- videodisc
|m A14837560240
|
| 998 |
f |
f |
|a PN1997.2 .R63 2009
|t 0
|l Evans: Media and Reserves (Annex 1st floor)
|